Visual Satisfaction - Match the Colors #2 - Statistics

General Stats
  • This quiz has been taken 5,890 times
  • The average score is 21 of 30
Answers on the Map
Answers color-coded by a green-red scale on the quiz's map according to % correct below.
 
Answer Stats
Answer % Correct
84%
80%
80%
79%
79%
78%
77%
77%
76%
75%
74%
74%
72%
71%
70%
68%
68%
67%
66%
65%
65%
64%
64%
64%
62%
60%
59%
58%
58%
56%
No matching quizzes found
Score Distribution
Percent of People with Each Score
Percentile by Number Answered
Your Score History
You have not taken this quiz